000 005430000a22001690004500
003 MACL
005 20160228115409.0
008 160228b xxu||||| |||| 00| 0 eng d
040 _aMACL
_cMACL
041 _aHindi
082 _a800
100 _aभगवानदीन स्‍वर्गीय लाला
_941158
245 _aअलंकार मंजूषा
260 _bरामनारायण लाल बेनीप्रसाद
_aइलाहाबाद
650 _aGrammer
_941159
942 _cHIN
_k415
_2ddc
999 _c25407
_d25407